=LDR 00000nam 2200000 4500 =001 INLIS000000000040768 =005 20130612150327 =008 ***********************************ind** =035 ##$$0010-061300000040768 =041 ##$$a ind =082 ##$$a 813 =090 ##$$a 813 , Dun ,b =100 ##$$a DUNN, Matt =245 ##$$a Best Man , Matt Dunn =260 ##$$a 2009 $b Jakarta =300 ##$$a 364 hlm. , 21 cm =650 ##$$a FIKSI =850 ##$$a NBPNMAT =990 ##$$a 0001/BPAP-NTB/20142014 =990 ##$$a 0001/BPAP-NTB/20142015 =990 ##$$a 0001/BPAP-NTB/2015